| 000 | 00687nam a2200181 a 4500 | ||
|---|---|---|---|
| 008 | 070824s2000 ||||||||||||||||| || u | ||
| 020 | _a0256195552 | ||
| 050 | _aHF 5415.2 Hai | ||
| 100 | _aHair, Joseph F | ||
| 245 | 1 | 0 |
_aMarketing research: a practical approach for the new millennium. _cJoseph F. Hair |
| 250 | _aInternational ed. | ||
| 260 |
_aBoston _bMcGraw-Hill _c2000 |
||
| 300 | _axxii, 682p.: ill. | ||
| 350 | _a0.00 | ||
| 650 | 0 | _aMARKETING--MANAGEMENT--CASE STUDIES | |
| 650 | 0 | _aMARKETING RESEARCH | |
| 995 |
_D0.00 _FCBU-MAIN LIBRARY (Kitwe) _H1 _I0.00 _M1 _UAVAILABLE _WNov 5, 2007 _ZMain Library Open Access Collection |
||
| 999 |
_c50501 _d50501 |
||